Statistics for Catalan cities

Click here to take the quiz!

General Stats

  • This quiz has been taken 449 times
  • The average score is 6 of 10

Answer Stats

PopulationCity name% Correct
1,549,400Barcelona
100%
115,100Tarragona
79%
114,100Lleida
72%
239,100L'Hospitalet de Llobregat
68%
204,800Badalona
60%
187,700Sabadell
58%
181,300Terrassa
50%
91,600Reus
49%
112,000Mataró
42%
109,600Sta Coloma de Gramenet
31%

Score Distribution

Percentile by Number Answered

Percent of People with Each Score

Your Score History

You have not taken this quiz